01387nam a22001577a 4500003000900000005001700009008004100026040001300067100004500080245003900125260007400164300001300238490003200251500004500283520090100328IT-RoPau20220918181222.0141004b xxu||||| |||| 00| 0 eng d cIT-RoPau aIstituto Regina Apostolorum (Apostoline) aSe vuoi... - 1975bVieni e seguimi aCastelgandolfo (Roma)bIstituto Regina Apostolorum (Apostoline)c1975 c18, 5 cm aSe vuoi...vAnno XVI - 1975 aManca Se vuoi... 1975 - Anno XVI - n. 1 aIndice Anno XVI – n. 2 G. Verani – G. Crespy – M. Lepori – Paolo VI – C. Castagnetti – Un prete – D. L. – Lorenza – C.A. Libanio Christo – D. Spoletini – B. Cadorin Anno XVI – n. 3 G. Verani – P. Neruda – A. Penna – E. Gatti – C. Castagnetti – D. Spoletini – B. Cadorin Anno XVI – n. 4 G. Verani – J. de Lima – G. Marasso – E. Gatti – C. Castegnetti – Comunità giovan. Di Panama – N. V. Peale - H. Câmara – Pearl S. Bruck – B. Cadorin – J. Merrien Anno XVI – n. 5 G. Verani – M. D. Chenu – Paolo VI – E. Gatti – C. Castagnetti – Daniele – Y. Hautin – Susanna – T. Richardson – B. Cadorin Anno XVI – n. 6 G. Verani – Pedro giovane portoghese – G. Piana – E. Gatti – C. Castegnetti – R. S. Asia – Una monaca di clausura – R. Follereau – V. Biavati – D. Spoletini – B. Cadorin – A. J. Cronin